Church's Ministry and Theological Education (Record no. 20906)
[ view plain ]
| 000 -LEADER | |
|---|---|
| fixed length control field | 01067nam a22001337a 4500 |
| 082 ## - DEWEY DECIMAL CLASSIFICATION NUMBER | |
| Classification number | 227.8 PRA |
| 100 ## - MAIN ENTRY--AUTHOR NAME | |
| Author name | Prabhakar, Samson |
| 245 ## - TITLE STATEMENT | |
| Title | Church's Ministry and Theological Education |
| 260 ## - PUBLICATION, DISTRIBUTION, ETC. (IMPRINT) | |
| Place of publication | Bangalore |
| Name of publisher | BTESSC/SATHRI |
| Year of publication | 2005 |
| 300 ## - PHYSICAL DESCRIPTION | |
| Number of Pages | 48 |
| 500 ## - GENERAL NOTE | |
| General note | 1. Introduction: James Massey<br/>2. Christian Ministry in India Today: Some Issues: Samson Prabhakar<br/>3. Theological Education for India Today - Challenges and Responses: Nirmala Vasanthakumar<br/>4. Towards a Relevant Theological Education Curriculum: Perspective from the Senate of Serampore College (University): Ravi Tiwari<br/>5. Summary of Discussions on Church's Ministry and Theological Education in Various Consultations from 2001 to 2004.<br/>6. Joint Statement of Church Leaders and Theological Educators on the Revision of Curriculum for Theological Education in India<br/>7. A Summary of the Meeting of the Board of Theological Education of the Senate of Serampore College held at the Faith Theological Seminary, Malankala, Kerala on 5th and 6th February 2003 |
| 650 ## - SUBJECT ADDED ENTRY--TOPICAL TERM | |
| Topical Term | Theological education |
| 942 ## - ADDED ENTRY ELEMENTS (KOHA) | |
| Koha item type | Books |
| Home library | Current library | Shelving location | Date acquired | Full call number | Accession Number | Koha item type |
|---|---|---|---|---|---|---|
| Henry Martyn Institute Library | Henry Martyn Institute Library | General stacks | 04/13/2018 | 227.8 PRA | 11003262 | Books |
